| 000 | 00595nam a22002297a 4500 | ||
|---|---|---|---|
| 003 | OSt | ||
| 005 | 20140311162959.0 | ||
| 008 | 130207t xxu||||| |||| 00| 0 eng d | ||
| 020 | _a9712324079 | ||
| 050 |
_aLB 2846 _b.R49 1999 |
||
| 100 | _aReyes, Milagros Z. | ||
| 245 |
_aStatistical methods in education / _cMilagros Z. Reyes. |
||
| 260 |
_aManila : _b Rex Book Store, _c1999. |
||
| 300 |
_aviii, 109 p. : _bill. ; _c24 cm. |
||
| 521 | _aEDU | ||
| 650 |
_aStatistics _xEducation. |
||
| 942 |
_2lcc _cBK _kLOC |
||
| 999 |
_c39152 _d39152 |
||